000 00668nam a22002297a 4500
003 UA-OsUOA
001 90873
007 ta
008 20121120b un ||||| |||| 00| 0 ukr d
100 _aПриходько М.
090 _a821.161.2
_bП77
942 _cBK
040 _aUA-OsUOA
_bukr
_cUA-OsUOA
_dUA-OsUOA
245 _aВід Сибіру до Канади
_bповість-хроніка
300 _a305 с.
955 _a3
041 _aukr
080 _a821.161.2
260 _aБуенос-Айрес
_bВ-во Юліяна Середяка
_c1979
650 7 _a82 Література. Літературознавство
_2UDC
999 _c377152
_d377152